00462 2200181 4500001002100000008004100021035002000062245007000082100002200152250000600174260002900180300001200209084001400221082000800235650001300243990001200256990001200268INLIS000000000000796 ind  a0010-0524000031 aCara Cespleng Pintar Sosiologi Kelas X, XI, XIIcAgus Triswantoro aTriswantoro, Agus a1 aYogyakarta :bAndic2015 a214 hlm a301 AGU c a301 aNonFiksi a0740441 a0740442